The earth and its geography [

Bibliographic Details
Format: Book
Published: United Kingdom : Zigzag Multimedia Ltd. , 1996
Subjects:

MARC

LEADER 00000cam a2200000 7i4500
001 0000022401
002 000024258
005 20080604.0
090 0 0 |a 500   |b EAR 
245 0 4 |a The earth and its geography [  |h CD-ROM] 
260 |a United Kingdom :   |b Zigzag Multimedia Ltd. ,   |c 1996 
300 |a 1 CD-ROM 
650 0 0 |a Earth   |x Surface 
999 |a CDR00579   |b CD-ROM   |c RUJUKAN   |e PERPUSTAKAAN KOMUNITI PETALING JAYA